| 000 | 01012cam a22003611 4500 | ||
|---|---|---|---|
| 001 | 6117264 | ||
| 003 | OSt | ||
| 005 | 20140310182644.0 | ||
| 008 | 751210s1965 nyu 000 1 eng | ||
| 010 | _a 65001268 | ||
| 020 | _a0671015486 | ||
| 035 | _a(OCoLC)1888859 | ||
| 040 |
_aDLC _cFO _dDLC |
||
| 050 | 0 | 0 |
_aPA 4025 _b.H766 1997 |
| 082 |
_aM 883.01 _bH75 1997 |
||
| 100 | 0 | _aHomer. | |
| 245 | 1 | 4 |
_aThe Odyssey _cHomer |
| 250 | _awith an introd. by Walter James Miller | ||
| 260 |
_aNew York _bWashington Square Press _cc1997 |
||
| 300 |
_alxxvi, 337 p. _c18 cm. |
||
| 500 | _a"W511." | ||
| 521 | _aCollege students | ||
| 526 | _c1210L-1700L | ||
| 541 | _j1 | ||
| 541 | _j2 | ||
| 562 | _e2 | ||
| 650 | 0 |
_aOdysseus (Greek mythology) _vPoetry. |
|
| 650 | 0 |
_aEpic poetry, Greek _vTranslations into English. |
|
| 700 | 1 |
_aButler, Samuel, _d1835-1902, _etr. |
|
| 700 | 1 |
_aWillcock, Malcolm M., _eed. |
|
| 906 |
_a7 _bcbc _coclcrpl _du _encip _f19 _gy-gencatlg |
||
| 942 |
_2lcc _cBK _kM |
||
| 999 |
_c15042 _d15042 |
||